000 01226nam a2200373 a 4500
001 000110787
003 CHAP
005 20220329144146.0
008 141006s2012 mx |s| ||||||spa d
010 _a107249
011 _a108221
020 _a9786074943771
040 _cCHAP
090 _aCD-430
245 0 4 _aLos profesionista de Hidalgo 2010
_h[Disco compacto]
_cpor Instituto Nacional de Estadística y Geografía.
260 _aAguascalientes, Ags. :
_bINEGI,
_c2012.
300 _a1 CD ROM ;
_c4 3/4 plg.
590 _aE11695DGD
_b10
_c20141007
_lUCH01
_h1041
590 _aE11695DGD
_b10
_c20141007
_lUCH01
_h1041
590 _aE11695DGD
_b10
_c20141007
_lUCH01
_h1041
590 _aE5765TAJ
_b05
_c20141006
_lUCH01
_h0847
590 _aE5765TAJ
_b05
_c20141006
_lUCH01
_h0847
590 _aE5765TAJ
_b05
_c20141006
_lUCH01
_h0849
590 _aE5765TAJ
_b05
_c20141006
_lUCH01
_h1054
590 _aE5995AHE
_b05
_c20151001
_lUCH01
_h1255
650 1 4 _aHidalgo
_xCondiciones sociales.
_955171
650 1 4 _aHidalgo
_xEstadísticas.
_955174
650 1 4 _aProfesionistas.
_992240
650 1 4 _zHidalgo
_xCondiciones económicas
_aHidalgo.
_9175603
710 0 _aINEGI
_958045
901 _aBK
942 _cCD
942 _n0
999 _c107249
_d107249